Social background and educational career : Research perspectives on equality of educational opportunity

Spremljeno u:
Bibliografski detalji
Glavni autor: Husén, Torsten
Format: Knjiga
Jezik:Undetermined
Izdano: Paris Organisation for Economic Co-operation and Development 1972
Teme:
Oznake: Dodaj oznaku
Bez oznaka, Budi prvi tko označuje ovaj zapis!
Thư viện lưu trữ: Trung tâm Học liệu Trường Đại học Cần Thơ
LEADER 00624nam a2200205Ia 4500
001 CTU_89785
008 210402s9999 xx 000 0 und d
082 |a 370.19 
082 |b H969 
100 |a Husén, Torsten 
245 0 |a Social background and educational career : 
245 0 |b Research perspectives on equality of educational opportunity 
245 0 |c Torsten Husén 
260 |a Paris 
260 |b Organisation for Economic Co-operation and Development 
260 |c 1972 
650 |a Students 
650 |x Social conditions 
904 |i Năm 
980 |a Trung tâm Học liệu Trường Đại học Cần Thơ